000 00561nmm a2200169Ia 4500
008 251105s9999||||xx |||||||||||||||||und||
020 _a9788484893349
041 _aspa
100 _aVélez, Palmira
245 0 _aLa historiografía americanista en España :
_b 1755-1936
264 _a[Madrid, España] :
_bIberoamericana Vervuert,
_c2007
300 _a453 páginas
490 _aTiempo emulado. Historia de América y España
650 _aHistory of the Americas: Latin America
856 _uhttps://public.digitaliapublishing.com/a/46600
942 _cCF
999 _c86581
_d86581